01265nam a2200313Ia 4500001001200000003000800012006001900020007001500039008004100054010001700095020001800112020001800130040002100148035002100169050002400190100003600214245009600250260003200346300001100378490004300389500007300432504004100505533015200546600004900698650003200747655002900779710001700808856012600825ebr10599653CaPaEBRm u cr cn|||||||||820919s1973 ne sb 000 0 eng d z 72087431  z9783110828054 z9789027924322 aCaPaEBRcCaPaEBR a(OCoLC)84136841714aPD1128b.M37 1973eb1 aMarchand, James Woodrow,d1926-14aThe sounds and phonemes of Wulfila's Gothich[electronic resource] /cby James W. Marchand. aThe Hague :bMouton,c1973. a111 p.0 aJanua linguarum. Series practica ;v25 aOriginally presented as the author's thesis, University of Michigan. aIncludes bibliographical references. aElectronic reproduction.bPalo Alto, Calif. :cebrary,d2011.nAvailable via World Wide Web.nAccess may be limited to ebrary affiliated libraries.00aUlfilas,cBishop of the Goths,dca. 311-381? 0aGothic languagexPhonology. 7aElectronic books.2local2 aebrary, Inc.40uhttp://site.ebrary.com/lib/rucke/Doc?id=10599653zAn electronic book accessible through the World Wide Web; click to view